000 00499nam a2200181Ia 4500
005 20250326123925.0
008 250326s9999 xx 000 0 und d
037 _aTextbook
040 _aFMSL
_beng
_cFMSL
041 _aeng
_2eng
084 _aSNIobX:8 L4
_qFMSL
100 _aDavis K
_9292457
245 0 _aOrganizational behavior: book of readings
_cDavis K
260 _aNY
_bNY, McGraw-Hill
_c1974
300 _a406p
942 _cTB
_hSNIobX:8 L4
999 _c1271497
_d1271497